Las relaciones humanas en la administración (Registro nro. 11013)

Detalles MARC
000 -LEADER
fixed length control field 00530nam a2200157Ia 4500
008 - FIXED-LENGTH DATA ELEMENTS--GENERAL INFORMATION
fixed length control field 210310s9999 xx 000 0 und d
020 ## - INTERNATIONAL STANDARD BOOK NUMBER
International Standard Book Number 0
100 ## - MAIN ENTRY--PERSONAL NAME
Personal name Robert dubin
9 (RLIN) 24346
245 #0 - TITLE STATEMENT
Title Las relaciones humanas en la administración
260 ## - PUBLICATION, DISTRIBUTION, ETC.
Date of publication, distribution, etc. 1983
300 ## - PHYSICAL DESCRIPTION
Other physical details 704p : ,
440 ## - SERIES STATEMENT/ADDED ENTRY--TITLE
Title 0
9 (RLIN) 24347
500 ## - GENERAL NOTE
General note 0
505 ## - FORMATTED CONTENTS NOTE
Formatted contents note 0
650 ## - SUBJECT ADDED ENTRY--TOPICAL TERM
Topical term or geographic name entry element Relaciones humanas..-- Relaciones laborales.-- Psicología industrial..-- Motivación del empleado..-- Comunicación (empresas).-- Toma de decisiones..-- Ambiente de trabajo.
9 (RLIN) 24348
Existencias
Withdrawn status Lost status Damaged status Not for loan Home library Current library Date acquired Total Checkouts Barcode Date last seen Price effective from Koha item type
        Biblioteca Pública José María del Castillo y Rada Biblioteca Pública José María del Castillo y Rada 03/10/2021   430011958 05/16/2024 03/10/2021 Books